Computer related risks

Αποθηκεύτηκε σε:
Λεπτομέρειες βιβλιογραφικής εγγραφής
Κύριος συγγραφέας: Neumann, Peter G. 1932-
Μορφή: Βιβλίο
Γλώσσα:English
Δημοσίευση: New York : Reading, Mas. : A.C.M. Press ; , Addison-Wesley, c1995
Θέματα:
Ετικέτες: Προσθήκη ετικέτας
Δεν υπάρχουν, Καταχωρήστε ετικέτα πρώτοι!

MARC

LEADER 00000nam a2200000 i 4500
001 1/46471
008 980616s1995 eng d
020 |a 0-201-55805-X 
035 |l 10042805 
040 |a GR-MY-UA  |b gre  |e aacr 
041 0 |a eng 
082 0 |a 005.8 
100 1 |a Neumann, Peter G.  |d 1932- 
245 1 0 |a Computer related risks /  |c Peter G. Neumann 
260 |a New York :   |a Reading, Mas. :   |b A.C.M. Press ; ,   |b Addison-Wesley,   |c c1995 
300 |a xiii, 367 p.;  |c 23 cm. 
500 |a Includes index and bibliography 
650 0 0 |a Computer security. 
650 0 0 |a Computers  |x Reliability. 
650 0 0 |a Risk management. 
852 |a INST  |b SAMOS  |e 19980616  |h 005.8 NEU  |p 005300011315  |q 005300011315  |t BK  |y 0 
852 |a INST  |b SAMOS  |e 19980616  |h 005.8 NEU  |p 005300011316  |q 005300011316  |t BK  |y 0 
901 |a BIBL-1998-2 
909 |a Σ  |b 056252 
909 |a Σ  |b 056253 
922 |a 3ΕΛΗ  |b 199805  |c ΚΠΣ  |d ΠΑΠΑΣΩΤΗΡΙΟΥ